Quizzes
Events
Quiz Creation
Community
Videos
Private Events
Remove Ads
Sign In
Join for FREE
Feedback
Dark Mode
Quiz Categories
Sports
Geography
Music
Movies
Television
Just For Fun
Miscellaneous
History
Literature
Language
Science
Gaming
Entertainment
Religion
Holiday
For Kids
Quiz Lab
Recent
Popular Today
Quiz Kudos Today
Editor Picks
Curator Picks
Quizzes by...
Day
Popularity
Type
Ratings
Length
Year
Community
Subscriptions
Recent Discussions
Orange Saloon
Badges
Playlists
Quests
Create
Leaderboards
Showdown
Live 5
Trivia Bingo
Activity
Puzzle Library
Sporcle Events
Private Events
Virtual Trivia
Globe League
Become a Host
Pub Owners
SporcleCon
Opinionation
Our Games
Videos
Blog
Mobile Apps
Partnerships
Remove Ads and Go Orange
Feedback
Science
Computer
Plants
Astronomy
Chemistry
Elements
Math
Animal
Physics
Anatomy
Biology
Geology
General Science
Science
Computer
Plants
Astronomy
Chemistry
Elements
Math
Animal
Physics
Anatomy
Biology
Geology
General Science
Random Quiz
Search Sporcle
×
Quiz Lab
Quiz Lab
Science
nomenclature
Type in answers that appear in a list
Type in answers that appear in a list
Classic
Best Score? Go Orange.
Names of Gram-Positive Bacteria Stats
Can you name the Binomial Nomenclatures of Gram-Positive Bacteria?
By
rainbowcafe
10m
12 Questions
223 Plays
223 Plays
223 Plays
Comments
Comments
Give Quiz Kudos
Give Quiz Kudos
-
- Ratings
hide this ad
More Info
Forced Order
Answers have to be entered in order
Answers have to be entered in order
Replay
Link that replays current quiz
Next Quiz
Link to next quiz in quiz playlist
You Got
0%
They Got
Avg Score
62%
Avg Friend Score
Upgrade to see
Score Distribution
Jump to the score distribution portion of the page
Score
0/12
Timer
10:00
0
Plays Today
Gram-Positive Bacteria
Binomial Nomenclature
% Correct
Tetanus (Firmicutes)
Clostridium tetani
87.4%
Staph Infections (Firmicutes)
Staphylococcus aureus
83.4%
Anthrax (Firmicutes)
Bacillus anthracis
81.6%
Botulism (Firmicutes)
Clostridium botulinum
81.2%
Sore Throat, Scarlet Fever, Rheumatic Fever (Firmicutes)
Streptococcus pyogenes
72.2%
Tuberculosis (Actinobacteria)
Mycobacterium tuberculosis
71.7%
Listeriosis (Milk) (Firmicutes)
Listeria monocytogenes
63.7%
Gas Gangrene (Firmicutes)
Clostridium perfringens
59.6%
Leprosy (Actinobacteria)
Mycobacterium leprae
54.3%
Diphtheria (Actinobacteria)
Corynebacterium diphtheriae
43.9%
Walking Pneumonia (Firmicutes)
Mycoplasma pneumoniae
28.3%
Acne (Actinobacteria)
Propionibacterium acnes
22.9%
Quiz Playlist
Details
Report
Send in Message
Add To Playlist
More Info:
Can you name the names of these gram-positive bacteria? For Microbiology students.
Classic:
Type in answers that appear in a list
Forced Order:
Answers have to be entered in order
Last Updated: Feb 16, 2017
Quiz Scoreboard
CHALLENGE
Sign Up to Join the Scoreboard
Show All
Scores
Hide
Comments
May contain spoilers
Recently Published
Click the 1999 NBA Draft
by nibperrychub
Sports
2m
Alphabetical 'K' Countries by Flag Minefield
by ylime102
Geography
3m
Pick 6: Fruits
by JohnFran
Miscellaneous
15s
More to Explore
Quiz From the Vault
Featured Blog Post
15 Basketball Trivia Facts You Can Be March Mad About
hide this ad
You Might Also Like...
Tags
Bacteria
binomial
nomenclature
Today's Top Quizzes in Science
Browse Science
hide this ad
Today's Top Quizzes in nomenclature
Browse nomenclature
Top Contributed Quizzes in Science
1
Pick 6: Animals
2
Trigonometric Exact Values
3
Organic Chemistry Faculty Quiz
4
Chile's Native Animals
5
Label the heart
6
Find the Spring Animals
7
Cubes 1-10
8
Square Numbers Scrambled (1-50)
9
► Animals - Moths
10
Identify the Leukocytes (White Blood Cells)
Explore More
Trending Topics
Harry Potter
NBA
Kpop
Marvel
Crossword
Disney
Anime
NFL
Song
WWE
Soccer
Country
The Office
Pokémon
Puzzle
hide this ad
More By:
rainbowcafe
Quiz
Plays
Rating
Category
Featured
Created
AP Chemistry Vocabulary
544
Science
Apr 13, 2010
Important Glycolysis Steps
438
Science
Oct 8, 2010
Names of Gram-Positive Bacteria
223
4.00
Science
Oct 6, 2010
Can you name the characters of NUMB3RS?
183
5.00
Entertainment
May 1, 2010
Virus and Prion Pathogens
72
2.00
Science
Oct 24, 2010
Go to Creator's Profile
Score Distribution
Quiz Creator Spotlight
rainbowcafe
Follow
Send a Message
Quizzes Created
-
Created Quiz Play Count
-
More By This Creator
Popular Quizzes Today
1
Find the US States - No Outlines Minefield
2
Countries of Asia Without Outlines Minefield
3
Pick 6: Fruits
4
The Countries of the World
5
Alphabetical 'K' Countries by Flag Minefield
6
Click the 1999 NBA Draft
7
Find the US States
8
Match the Book to the Film X
More Science Quizzes
Those Bones Aren't Real!
Published
Trending Quizzes
Pick 6: Harry Potter
Pick 6: Mountains
Pick 6: NFL Teams
Pick 6: Movie Franchises
Pick 6: Golfers
Recently Updated
Women's Final Four Teams by Year
bhenderson79
Presidents Quartet II
eogle
Anything But Clue(do)
eogle
Anything But Oceanian Capitals
eogle
Anything But 7
eogle
Anything But Thing
eogle
Word Ladder: February 29
pecheneg
Song Title Questions
pecheneg
Women's NCAA Tournament #1 Seeds
pecheneg
Celebrity Mug Shots
pecheneg
Trending Topics
Marvel
Anime
Disney
Kpop
Crossword
NBA
Harry Potter
The Office
Country
Song
NFL
WWE
Puzzle
Soccer
Pokémon
Your Account Isn't Verified!
In order to create a playlist on Sporcle, you need to verify the email address you used during registration. Go to your
Sporcle Settings
to finish the process.
Report this User
Report this user for behavior that violates our
Community Guidelines
.
Details:
Send Report
Go to the Sporcle.com Mobile Site →
Comments